| 000 | 00516nam a22002057a 4500 | ||
|---|---|---|---|
| 999 |
_c132980 _d132980 |
||
| 005 | 20231227095148.0 | ||
| 008 | 231227b ||||| |||| 00| 0 eng d | ||
| 020 | _a9780702066573 | ||
| 040 | _cPK-LaUMT | ||
| 082 |
_a616.1207543 _bKAD-E |
||
| 100 | _aKaddoura, Sam | ||
| 245 |
_aEcho : _bmade easy / _cby Sam Kaddoura |
||
| 250 | _a3rd ed. | ||
| 260 |
_aEdinburgh : _bElsevier, _c2016 |
||
| 300 | _a286 p. | ||
| 650 | _aEchocardiography | ||
| 650 | _aEcho techniques | ||
| 650 | _aNormal echo | ||
| 942 | _cBK | ||